[Event "Victoria Grand Pacific op"]
[Site "Victoria"]
[Date "2023.04.08"]
[Round "2"]
[White "Lampman, Becca"]
[Black "Reeve, Jeff"]
[Result "1-0"]
[WhiteElo "2030"]
[BlackElo "2162"]
[PlyCount "69"]
[EventDate "2023.04.07"]
[EventType "swiss"]
[EventRounds "6"]
[EventCountry "CAN"]
[SourceTitle "CBM 213 Extra"]
[Source "ChessBase"]
[SourceDate "2023.05.31"]
[SourceVersion "1"]
[SourceVersionDate "2023.05.31"]
[SourceQuality "1"]

1. d4 Nf6 2. c4 g6 3. Nc3 Bg7 4. e4 d6 5. Nf3 0-0 6. Be2 e5 7. 0-0 exd4 8. Nxd4 Re8 9. f3 Nc6 10. Be3 Nh5 11. Nxc6 bxc6 12. g4 Nf6 13. Qd2 Nd7 14. Rad1 Qe7 15. Bg5 f6 16. Bh4 Ne5 17. h3 Be6 18. b3 c5 19. f4 Nc6 20. Nd5 Qf7 21. e5 dxe5 22. fxe5 Bxd5 23. exf6 Nd4 24. Rde1 Bc6 25. fxg7 Rxe2 26. Rxe2 Nf3+ 27. Rxf3 Qxf3 28. Qe3 Qh1+ 29. Kf2 Re8 30. Be7 Bd7 31. Qf4 Kxg7 32. Qxc7 Bc6 33. Bxc5+ Kg8 34. Rxe8+ Bxe8 35. Bd4 1-0

[Event "PRO League Stage"]
[Site "Chess.com INT"]
[Date "2019.03.06"]
[Round "9"]
[White "Lampman, Becca"]
[Black "Wang, Yue"]
[Result "0-1"]
[WhiteElo "2030"]
[BlackElo "2684"]
[PlyCount "76"]
[EventDate "2019.01.08"]
[EventType "team-swiss (rapid)"]
[EventRounds "10"]
[EventCountry "USA"]
[SourceTitle "CBM 189 Extra"]
[Source "ChessBase"]
[SourceDate "2019.06.03"]
[SourceVersion "1"]
[SourceVersionDate "2019.06.03"]
[SourceQuality "1"]
[WhiteTeam "Seattle Sluggers"]
[BlackTeam "Chengdu Pandas"]
[WhiteTeamCountry "USA"]
[BlackTeamCountry "CHN"]

1. d4 Nf6 2. c4 g6 3. Nc3 Bg7 4. e4 d6 5. Nf3 0-0 6. Be2 Bg4 7. 0-0 Nfd7 8. Re1 Nc6 9. d5 Bxf3 10. Bxf3 Nd4 11. Be3 c5 12. a3 Qb6 13. Rb1 Nxf3+ 14. Qxf3 Qb3 15. Qe2 Ne5 16. Bg5 f6 17. Bf4 Qxc4 18. Bxe5 Qxe2 19. Rxe2 fxe5 20. Nb5 Rfc8 21. a4 c4 22. Rc2 Rc5 23. Kf1 a6 24. Na3 b5 25. Ke2 Rac8 26. axb5 axb5 27. b3 cxb3 28. Rxc5 dxc5 29. Rxb3 b4 30. Nc4 Ra8 31. Kf3 Kf7 32. h3 Ra1 33. Ke2 Rc1 34. Kd3 Rd1+ 35. Ke2 Rd4 36. Nd2 Bh6 37. Nb1 Rxe4+ 38. Kf3 Rd4 0-1

[Event "PRO League Stage"]
[Site "Chess.com INT"]
[Date "2019.03.06"]
[Round "9"]
[White "Zhai, Mo"]
[Black "Lampman, Becca"]
[Result "1-0"]
[WhiteElo "2365"]
[BlackElo "2030"]
[PlyCount "53"]
[EventDate "2019.01.08"]
[EventType "team-swiss (rapid)"]
[EventRounds "10"]
[EventCountry "USA"]
[SourceTitle "CBM 189 Extra"]
[Source "ChessBase"]
[SourceDate "2019.06.03"]
[SourceVersion "1"]
[SourceVersionDate "2019.06.03"]
[SourceQuality "1"]
[WhiteTeam "Chengdu Pandas"]
[BlackTeam "Seattle Sluggers"]
[WhiteTeamCountry "CHN"]
[BlackTeamCountry "USA"]

1. d4 Nf6 2. c4 g6 3. g3 Bg7 4. Bg2 0-0 5. Nf3 d6 6. 0-0 Nc6 7. Nc3 a6 8. b3 Rb8 9. d5 Na5 10. Qc2 c5 11. Bb2 b5 12. Nd2 bxc4 13. bxc4 Ng4 14. Nd1 Ne5 15. h3 e6 16. Rb1 exd5 17. cxd5 Nd7 18. Bxg7 Kxg7 19. Rxb8 Nxb8 20. Qb2+ Qf6 21. Qxb8 Nb7 22. Qc7 Re8 23. Ne3 Qd4 24. Ndc4 Qf6 25. Rb1 Qe7 26. Qxe7 Rxe7 27. Rb6 1-0

[Event "Vancouver op"]
[Site "Vancouver"]
[Date "2015.08.22"]
[Round "2"]
[White "Schill, William"]
[Black "Lampman, Becca"]
[Result "1-0"]
[WhiteElo "2281"]
[BlackElo "2139"]
[PlyCount "51"]
[EventDate "2015.08.22"]
[EventType "swiss"]
[EventRounds "5"]
[EventCountry "USA"]
[SourceTitle "EXT 2017"]
[Source "ChessBase"]
[SourceDate "2016.10.25"]
[SourceVersion "1"]
[SourceVersionDate "2016.10.25"]
[SourceQuality "1"]

1. e4 c5 2. Nf3 e6 3. d4 cxd4 4. Nxd4 Nc6 5. Nc3 Qc7 6. Be3 a6 7. Qf3 Nf6 8. 0-0-0 Be7 9. h3 d6 10. g4 Ne5 11. Qg2 b5 12. f4 b4 13. fxe5 dxe5 14. g5 Nd7 15. g6 exd4 16. gxf7+ Kf8 17. Bxd4 Qf4+ 18. Kb1 Qg5 19. e5 Qxg2 20. Bxg2 Rb8 21. Ne2 g5 22. Bc6 Nc5 23. Rhf1 Kg7 24. Ng3 Bb7 25. Bxc5 Bxc5 26. Rd7 1-0

[Event "Manchester-ch Girls"]
[Site "Manchester"]
[Date "2014.07.20"]
[Round "7.5"]
[White "Lampman, Becca"]
[Black "Wiener, Alexandra"]
[Result "1/2-1/2"]
[WhiteElo "1963"]
[BlackElo "1844"]
[PlyCount "80"]
[EventDate "2014.07.17"]
[EventType "tourn"]
[EventRounds "9"]
[EventCountry "USA"]
[SourceTitle "EXT 2015"]
[Source "ChessBase"]
[SourceDate "2014.11.20"]
[SourceVersion "1"]
[SourceVersionDate "2014.11.20"]
[SourceQuality "1"]

1. d4 Nf6 2. c4 c5 3. d5 b5 4. Nd2 bxc4 5. e4 d6 6. Bxc4 g6 7. b3 Bg7 8. Bb2 0-0 9. Ngf3 Bb7 10. 0-0 Re8 11. Qc2 Nbd7 12. Rfe1 Nb6 13. Rad1 Qc7 14. Bb5 Rec8 15. Nc4 a6 16. Nxb6 Qxb6 17. Bc4 Rd8 18. Qe2 a5 19. e5 dxe5 20. Qxe5 Ne8 21. Qe2 Bxb2 22. Qxb2 Nd6 23. Qc2 Nf5 24. g4 Nd4 25. Nxd4 cxd4 26. Rxe7 Bxd5 27. Bxd5 Rxd5 28. Qe4 Qd6 29. Rd3 Rf8 30. Re8 Rxe8 31. Qxe8+ Kg7 32. Qe4 f6 33. h3 Qe5 34. Qf3 Qe6 35. Kg2 f5 36. gxf5 Rxf5 37. Qb7+ Rf7 38. Qa8 Qe5 39. Rf3 Qg5+ 40. Kh2 Qe5+ 1/2-1/2

[Event "Manchester-ch Girls"]
[Site "Manchester"]
[Date "2014.07.17"]
[Round "1.3"]
[White "Ding, Kimberly"]
[Black "Lampman, Becca"]
[Result "1/2-1/2"]
[WhiteElo "1953"]
[BlackElo "1963"]
[PlyCount "69"]
[EventDate "2014.07.17"]
[EventType "tourn"]
[EventRounds "9"]
[EventCountry "USA"]
[SourceTitle "EXT 2015"]
[Source "ChessBase"]
[SourceDate "2014.11.20"]
[SourceVersion "1"]
[SourceVersionDate "2014.11.20"]
[SourceQuality "1"]

1. e4 c5 2. Nf3 e6 3. d4 cxd4 4. Nxd4 Nc6 5. Nc3 Qc7 6. Be3 a6 7. Be2 Nf6 8. 0-0 Bb4 9. Na4 Be7 10. Nxc6 bxc6 11. Nb6 Rb8 12. Nxc8 Qxc8 13. e5 Nd5 14. Bd4 c5 15. Bc3 Nxc3 16. bxc3 0-0 17. Qd3 Qc7 18. f4 d6 19. Qe3 d5 20. Kh1 Rb2 21. Bxa6 Qa5 22. Be2 Rxc2 23. c4 dxc4 24. Qe4 Rxa2 25. Rxa2 Qxa2 26. Bxc4 Qa8 27. Qc2 g6 28. Rd1 Qc6 29. h3 Rb8 30. Kh2 Rb4 31. Rd2 Qb7 32. Qd3 Kg7 33. Kg3 Qa7 34. Ra2 Qc7 35. Rc2 1/2-1/2